000 00334nam a22001337a 4500
020 _a978-8122500790
041 _aENG
100 _aC.B Mamoria.C.B
245 _aPrinciples And Practice Of Marketing In India
260 _aNew Delhi
_bKitab Mahal
_c2001
300 _a860
650 _aAgricultural
856 _uAgricultural ( 19 )
999 _c2181
_d2181